00579nam a22001697a 450000500170000001000130001702000260003003500130005603700230006908200120009210000170010424500880012126000360020927000700024530000290031550000650034420190319162355.0 aB-713332 a9788186270981c690.00 aB-713332 bBirla Publications a621.382 aRajput, R.K. aAn integrated course in electronics and communication engineering /cby R.K. Rajput aDelhibBirla Publicationsc2018 a1/9185, Street No. 5, West Rohtash Nagar, ShahdarabDelhie110032 a1116p.:bill.c24cm(Pbk) awith several thousands objective type questions with answers